Responses for show #340 - Friday, December 27, 1985

Contestants

[<< previous game]

Brenda Parks, a marketing sales manager from Yorba Linda, California

Dan Alves, an engineering supervisor from Santa Maria, California

Pamela Norris, a writer from Sandy Springs, Georgia (whose 3-day cash winnings total $23,000)

Jeopardy! Round responses

POTENT POTABLES
CARDS
MOVIES
RULERS
PROVERBS
JUST DESSERTS
    $100 3
Napoleon brandy

Dan
    $100 24
(Alex: You found our secret!)

Napoleon

Brenda
    $100 2
Napoleon

Dan
    $100 13
Napoleon

Brenda
    $100 1
play

Brenda
    $100 14
Napoleon

Pamela
    $200 4
(Dan: What is wine...grapes?)
(Alex: We had to take your first response.)

grapes

PamelaDan
    $200 25
poker

Pamela
    $200 6
The Omen

Brenda
    $200 22
King James I

Dan
    $200 5
lie in it

Brenda
    $200 18
cherries

Pamela
    $300 8
vodkas

Dan
    $300 26
United States

Dan
    $300 7
heart & fingertips

Dan
    $300 23
(Dan: Who was Peter?)
(Alex: We've got less than a minute to go in the round.)

Ivan the Terrible

DanBrenda
    $300 15
go to the mountain

Pamela
    $300 19
pies

Pamela
    $400 9
Seagram's 7 & 7-Up

Dan
    $400 11
Washington, D.C.

Dan
    $400 27
Egypt

Dan
    $400 16
disposes

Dan
    $400 20
(Brenda: What is cappuccino?)

espresso

PamelaBrenda
    $500 10
(Dan: What is a zombie?)
(Alex: The 4 parts mentioned are lime, syrup, rum, & water.)

daiquiri

Dan
Triple Stumper
    $400 12
(Dan: What is "Sleeper?")

Everything You Always Wanted to Know About Sex* (*But Were Afraid to Ask)

Dan
    $500 28
(Alex: Morocco was the third.)
[end-of-round signal sounds]

Saudi Arabia & Jordan

Pamela
    $500 17
his tools

Pamela
    $500 21
tapioca

Pamela

Scores at the first commercial break (after clue 12):

Pamela Dan Brenda
$200 $500 $500

Scores at the end of the Jeopardy! Round:

Pamela Dan Brenda
$3,200 $1,500 $600

Double Jeopardy! Round responses

HISTORY
LITERARY LINGO
AMERICAN RELIGION
COUNTRY SINGERS
ASTRONOMY
BALTIMORE
    $200 4
United Nations

Triple Stumper
    $200 1
lampoon

Brenda
    $200 18
the Bible

Brenda
    $200 11
Lee

Pamela
    $200 10
Arabic

Pamela
    $200 26
Napoleon

Dan
    $400 5
Mata Hari

Dan
    $400 2
plagiarism

Pamela
    $400 20
Shakers

Dan
    $400 12
Buck Owens & (Roy) Clark

Pamela
    $400 16
Neptune

Dan
    $3,000 27
Cab Calloway

Dan
    $600 6
(Dan: 1968...What is 1968?)
(Alex: Remember your phrasing!)

1969

Dan
    $600 3
ghostauthor/ghostwriter

Dan
    $600 21
rattlesnakes

Pamela
    $600 13
(Dan: Who are The Righteous Brothers?)
(Pamela: Who are The Everly Brothers?)

The Statler Brothers

PamelaDan
Triple Stumper
    $600 17
(Pamela: What is ellipsis?)
[originally ruled correct, but reversed before Final Jeopardy]

ellipse

Pamela
Triple Stumper
    $600 28
[end-of-round signal sounds]

(Edgar Allan) Poe

Dan
    $800 7
Bolivia

Triple Stumper
    $800 9
sonnet

Dan
    $800 22
holy rollers

Dan
    $800 14
Tanya Tucker

Pamela
    $3,000 24
Mars & Jupiter

Dan
    $1000 8
(Dan: Who is Thomas E. Dewey?)

Admiral (George) Dewey

PamelaDan
    $1000 19
like or as

Pamela
    $1000 23
(Southern) Baptists

Dan
    $1000 15
Eddie Rabbitt

Pamela
    $1000 25
(Alex: We've got less than a minute to go in the round!)

new

Dan

Scores at the end of the Double Jeopardy! Round:

Pamela Dan Brenda
$7,600 $12,700 $1,000

[wagering suggestions for these scores]

Final Jeopardy! Round responses

LANDMARKS
(Alex: The penny, with the Lincoln Memorial, & the nickel, with Monticello.)
BrendaWhat is 4?
$100
PamelaWhat is 2?
$7,499
DanWhat is Two
$3,000
2

Final scores:

Pamela Dan Brenda
$15,099 $15,700 $900
2nd place: La-Z-Boy recliner & Alsy Corp. lamps New champion: $15,700 3rd place: Olympus OM PC camera

Game dynamics:

Coryat scores:

Pamela Dan Brenda
$7,600 $8,300 $1,000
19 R,
2 W
23 R
(including 2 DDs),
6 W
(including 1 DD)
8 R,
1 W

Combined Coryat: $16,900

The J! Archive is created by fans, for fans. The Jeopardy! game show and all elements thereof, including but not limited to copyright and trademark thereto, are the property of Jeopardy Productions, Inc. and are protected under law. This website is not affiliated with, sponsored by, or operated by Jeopardy Productions, Inc. Join the discussion at JBoard.tv.